Universal principles of design / (Record no. 353080)

000 -LEADER
fixed length control field 01241 a2200289 4500
003 - CONTROL NUMBER IDENTIFIER
control field OSt
005 - DATE AND TIME OF LATEST TRANSACTION
control field 20180116192355.0
008 - FIXED-LENGTH DATA ELEMENTS--GENERAL INFORMATION
fixed length control field 120607t xxu||||| |||| 00| 0 eng d
010 ## - LIBRARY OF CONGRESS CONTROL NUMBER
LC control number 2003009384
020 ## - INTERNATIONAL STANDARD BOOK NUMBER
International Standard Book Number 1592530079 (paper over board)
020 ## - INTERNATIONAL STANDARD BOOK NUMBER
International Standard Book Number 9781592535873
040 ## - CATALOGING SOURCE
Transcribing agency 0
082 00 - DEWEY DECIMAL CLASSIFICATION NUMBER
Classification number 745.403
100 1# - MAIN ENTRY--PERSONAL NAME
Personal name Lidwell, William.
9 (RLIN) 4284
245 10 - TITLE STATEMENT
Title Universal principles of design /
Statement of responsibility, etc. William Lidwell, Kritina Holden, Jill Butler.
260 ## - PUBLICATION, DISTRIBUTION, ETC.
Place of publication, distribution, etc. Gloucester, Mass. :
Name of publisher, distributor, etc. Rockport,
Date of publication, distribution, etc. c2003.
300 ## - PHYSICAL DESCRIPTION
Extent 216 p. :
Other physical details ill. (some col.), map ;
Dimensions 27 cm.
500 ## - GENERAL NOTE
General note "100 ways to enhance usability, influence perception, increase appeal, make better design decisions, and teach through design"--T.p.
650 10 - SUBJECT ADDED ENTRY--TOPICAL TERM
Topical term or geographic name entry element Design
9 (RLIN) 4285
700 1# - ADDED ENTRY--PERSONAL NAME
Personal name Holden, Kritina.
9 (RLIN) 4286
700 1# - ADDED ENTRY--PERSONAL NAME
Personal name Butler, Jill.
9 (RLIN) 4287
856 41 - ELECTRONIC LOCATION AND ACCESS
Materials specified Table of contents
Uniform Resource Identifier <a href="http://www.loc.gov/catdir/toc/ecip043/2003009384.html">http://www.loc.gov/catdir/toc/ecip043/2003009384.html</a>
856 41 - ELECTRONIC LOCATION AND ACCESS
Materials specified Publisher description
Uniform Resource Identifier <a href="http://www.loc.gov/catdir/enhancements/fy0740/2003009384-d.html">http://www.loc.gov/catdir/enhancements/fy0740/2003009384-d.html</a>
856 41 - ELECTRONIC LOCATION AND ACCESS
Materials specified Contributor biographical information
Uniform Resource Identifier <a href="http://www.loc.gov/catdir/enhancements/fy0740/2003009384-b.html">http://www.loc.gov/catdir/enhancements/fy0740/2003009384-b.html</a>
942 ## - ADDED ENTRY ELEMENTS (KOHA)
Institution code [OBSOLETE] SADA
Koha item type Book
Call number prefix 745.403 LID 2003
Source of classification or shelving scheme
Holdings
Withdrawn status Lost status Source of classification or shelving scheme Damaged status Not for loan Permanent Location Current Location Date acquired Total Checkouts Total Renewals Full call number Barcode Date last seen Date last checked out Copy number Cost, replacement price Price effective from Koha item type
          School of Art Design and Architecture (SADA) School of Art Design and Architecture (SADA) 06/06/2011 4 3 745.403 LID 2003 SADA0001221 07/22/2024 01/29/2024 02 2062.00 08/05/2011 Book
          School of Art Design and Architecture (SADA) School of Art Design and Architecture (SADA) 06/06/2011 4 1 745.403 LID 2003 SADA0001220 09/14/2015 08/06/2015 01 2062.00 08/05/2011 Book
© 2023 Central Library, National University of Sciences and Technology. All Rights Reserved.